| 000 | 00881nam a22002297a 4500 | ||
|---|---|---|---|
| 005 | 20180406162052.0 | ||
| 010 | _aBAC-05-12-17 ENG-117249 B-690750-751 | ||
| 020 |
_a9788178441757 _c895.00 |
||
| 035 | _aEN-100781 | ||
| 035 | _aB-690750-751 | ||
| 037 | _bDBAD/PUB | ||
| 082 | _a954.083 | ||
| 100 | _aAijaz Ahmad | ||
| 245 |
_aUprising of 1857 : _cby Aijaz Ahmad _bsome facts about failure of Indian war of Independence / |
||
| 260 |
_aNew Delhi _bK.K. Publication _c2017 |
||
| 270 |
_a4806/24,Bharat Ram Road,Daryaganj _bNew Delhi _e110002 |
||
| 300 |
_ax,226p. _c22cm(Hb) |
||
| 500 | _aBalidani | ||
| 500 | _aIncludes bibliographical references | ||
| 942 |
_2ddc _cEN _h954.083 _mAIJ |
||
| 999 |
_c137593 _d137593 |
||